00478nam a2200133Ia 4500008004100000020001400041245008800055260006800143516002000211650001400231650001600245830002600261856005700287150121s9999 xx 000 0 und d a2244-1492 aIAMURE :bInternational Journal of Business and Management /h[electronic resource] bInternational Association of Multidisciplinary Research,c2013. aElectronic text aBusiness. aManagement. aPhilippine E-Journals uhttp://www.ejournals.ph/index.php?journal=IAMURE-BAM